Návrh na zvýšenie spoľahlivosti 5-stupňovej prevodovky : Diplomová práca

Na minha lista:
Detalhes bibliográficos
Autor principal: Schmidt, Marián (Author)
Outros Autores: Božek, Pavol, 1954- (xxx)
Formato: Manuscrito Livro
Idioma:eslovaco
Publicado em: Trnava : STU v Bratislave MtF KAIA, 1996
Assuntos:
Tags: Adicionar Tag
Sem tags, seja o primeiro a adicionar uma tag!

MARC

LEADER 00000ntm a22000003a 4500
001 stu61337
005 20160719155116.3
008 010928s1996----xo------------------slo-d
040 |a STU  |b slo 
041 0 |a slo 
044 |a xo 
100 1 |a Schmidt, Marián  |4 aut 
245 1 |a Návrh na zvýšenie spoľahlivosti 5-stupňovej prevodovky :  |b Diplomová práca 
260 |a Trnava :  |b STU v Bratislave MtF KAIA,  |c 1996 
300 |a 68 s  |c výťah 
650 7 |a Prevodovky-spoľahlivosť-automatizácia  |2 stusub 
650 7 |a aplikovaná informatika a automatizácia v priemysle  |2 stusub 
700 1 |a Božek, Pavol,  |d 1954-  |4 xxx  |u M6000  |U MTF Materiálovotechnologická fakulta  |T MTF Ústav aplikovanej informatiky, automatizácie a matematiky  |X 320  |U M6000  |Y 86  |7 A000000320 
996 |b 284M033299  |c M*DP-1223  |l MMSKP  |s P  |a 0  |w stu61337_0001